000
00234 a2200097 4500
001
10768
100
_a
Nazir Ahmad
245
_a
Academic Libraries in a developing society
260
_a
_b
Qodiria Book Traders
_c
090
_c
8361
_d
8361
942
_a
NUST-CAE
_c
M
_c
35113
999
_c
245841
_d
245841